Hypotekárny trh na Slovensku a jeho ďalší vývoj bakalárska práca
Enregistré dans:
| Auteur principal: | |
|---|---|
| Collectivité auteur: | |
| Autres auteurs: | |
| Format: | Livre |
| Langue: | slovaque |
| Publié: |
Bratislava
2016
|
| Tags: |
Pas de tags, Soyez le premier à ajouter un tag!
|
MARC
| LEADER | 00000nbm a2200000 4500 | ||
|---|---|---|---|
| 001 | 0221443 | ||
| 005 | 20180115153549.6 | ||
| 041 | 0 | |a slo | |
| 044 | |a SK | ||
| 245 | 1 | 0 | |a Hypotekárny trh na Slovensku a jeho ďalší vývoj |b bakalárska práca |c Stanislava Hörčíková ; školiteľ: Boris Šturc |
| 264 | 1 | |a Bratislava |c 2016 | |
| 300 | |a 36 s. | ||
| 100 | 1 | |a Hörčíková, Stanislava | |
| 700 | 1 | |a Šturc, Boris, 1961- | |
| 710 | 2 | |a Národohospodárska fakulta EU. Katedra bankovníctva a medzinárodných financií | |